| 000 -LEADER |
| fixed length control field |
00542nam a22001457a 4500 |
| 020 ## - INTERNATIONAL STANDARD BOOK NUMBER |
| ISBN |
9781265407988 |
| 082 ## - DEWEY DECIMAL CLASSIFICATION NUMBER |
| Classification number |
616.89 |
| Item number |
W579 2023 |
| 100 ## - MAIN ENTRY--AUTHOR NAME |
| Personal name |
Whitbourne, Susan Krauss, author. |
| 245 ## - TITLE STATEMENT |
| Title |
Abnormal psychology : clinical perspectives on psychological disorder / Susan Krauss Whitbourne. |
| 260 ## - PUBLICATION, DISTRIBUTION, ETC. (IMPRINT) |
| Place of publication |
New York, NY : |
| Name of publisher |
McGraw Hill LCC, |
| Year of publication |
2023. |
| 300 ## - PHYSICAL DESCRIPTION |
| Number of Pages |
1 online resource, vii, 856 pages : |
| Other physical details |
illustrations (some color). |
| 500 ## - GENERAL NOTE |
| General note |
Includes bibliographical references and index. |
| 650 ## - SUBJECT ADDED ENTRY--TOPICAL TERM |
| Topical Term |
Abnormal psychology. |
| 942 ## - ADDED ENTRY ELEMENTS (KOHA) |
| Koha item type |
Electronic Books |